JFL Season 6 - Statistics

General Stats
  • This quiz has been taken 4 times
  • The average score is 10 of 15
Answer Stats
Hint Answer % Correct
Who broke records and won the first ever WR triple crown and Offensive player of the year? Devante Hodgins
100%
Who won Juper Bowl MVP? Gerald Simm
100%
Who won MVP? Jack Mally
100%
Who lost Juper Bowl 6? Salamanders
100%
Who was the first team to go 8-0 in JFL history? Salamanders
100%
Who was the first team to go 0-8 in JFL history? Sentries
100%
Who won Juper Bowl 6? Sharks
100%
Who won Offensive rookie of the year? Shiloh Lamprey
100%
Who won Defensive player of the year? Lance Tekan
67%
Name one of the 2 players who have made All Pro all 6 seasons of the JFL's existence. Ernie Gecko, Ivan Dekolov
33%
Who was the 1st overall pick? Gordon Golden
33%
Who won Defensive rookie of the year? John Bane
33%
Who was the rushing leader? Ray Bolde
33%
Who was the sack leader? Kurtis Rymes
0%
Who was the interceptions leader? Scottie Dorn
0%
No matching quizzes found
Score Distribution
Percent of People with Each Score
Percentile by Number Answered
Your Score History
You have not taken this quiz